000 00296nam a22001337a 4500
008 181019b xxu||||| |||| 00| 0 eng d
020 _a9780735204454
041 _aeng
080 _a330
100 _a58
101 _aBIZ
245 _aHow to Say It: Grantwriting
_cKoch,D.S
942 _2udc
_cBK
999 _c50250
_d50250